00667cam a22002057a 4500003000500000005001700005008004100022010001000063011001000073035001000083040000900093100003200102245010900134260004100243300001000284502009900294650002600393650002100419650002100440CHAP20220329142153.0000126d1999 mx r 00110 spa d a79522 a80494 a90945 cCHAP00aMéndez Córdova, Noelia.10aCompetitividad del mango mexicano en el mercado estadounidense 1988-1997c/por Noelia Méndez Córdova aChapingo, Méx. :bEl autor,c1999. a72 h. aTesis (Ing. Agr. Esp. en Economía Agrícola) -- UACH. Departamento de Economía Agrícola14aMangoxExportación.14aMangoxMercadeo.14aMangoxMéxico.